000 00746cam a2200265 a 4500
008
020 _a9781412934954 (pbk.)
049 _aMAIN
090 _aBF637.C6
_bSTE
100 _aStewart, Ian.
245 1 0 _aTransactional analysis counselling in action /
_cIan Stewart.
250 _a3rd ed.
260 _aLos Angeles :
_bSage,
_c2007.
300 _axviii, 224 p. :
_bill. ;
_c21 cm.
440 _aSage counselling in action .
500 _aIncludes index.
504 _aIncludes bibliography.
650 0 _aCounseling.
700 _aDryden, Windy
907 _a.b10269575
_b10-11-09
_c13-10-09
003
005 20230123124956.0
040 _cNUST
942 _cBOOKS
_kBF637.C6
_mSTE
999 _c133520
_d133520